[Event "2nd Easter 4NCL Congress"]
[Site "Daventry"]
[Date "2022.04.16"]
[Round "3"]
[Board "12"]
[White "Finn, Peter"]
[Black "Sullivan, Daniel Js"]
[Result "1-0"]
[WhiteElo "2177"]
[BlackElo "2061"]
[PlyCount "0"]
[EventDate "2022.04.15"]
[EventRounds "7"]
[EventCountry "ENG"]

1. e4 {[%clk 01:28:57]} {[%emt 00:02:02]} c5 {[%clk 01:30:52]} {[%emt
00:00:08]} 2. Nf3 {[%clk 01:29:23]} {[%emt 00:00:04]} Nc6 {[%clk 01:31:17]}
{[%emt 00:00:05]} 3. d4 {[%clk 01:29:50]} {[%emt 00:00:04]} cxd4 {[%clk
01:31:42]} {[%emt 00:00:05]} 4. Nxd4 {[%clk 01:30:16]} {[%emt 00:00:04]} e6
{[%clk 01:32:04]} {[%emt 00:00:08]} 5. Nc3 {[%clk 01:30:35]} {[%emt 00:00:10]}
Qc7 {[%clk 01:32:15]} {[%emt 00:00:19]} 6. Be3 {[%clk 01:30:41]} {[%emt
00:00:25]} a6 {[%clk 01:32:39]} {[%emt 00:00:06]} 7. Nxc6 {[%clk 01:31:05]}
{[%emt 00:00:06]} bxc6 {[%clk 01:32:06]} {[%emt 00:01:03]} 8. Qf3 {[%clk
01:31:30]} {[%emt 00:00:05]} Nf6 {[%clk 01:31:20]} {[%emt 00:01:16]} 9. Qg3
{[%clk 01:31:54]} {[%emt 00:00:05]} Qxg3 {[%clk 01:30:00]} {[%emt 00:01:50]} 10.
hxg3 {[%clk 01:32:19]} {[%emt 00:00:05]} Rb8 {[%clk 01:28:27]} {[%emt
00:02:04]} 11. b3 {[%clk 01:27:16]} {[%emt 00:05:33]} d6 {[%clk 01:25:32]}
{[%emt 00:03:24]} 12. f3 {[%clk 01:21:21]} {[%emt 00:06:26]} Be7 {[%clk
01:22:20]} {[%emt 00:03:42]} 13. g4 {[%clk 01:05:36]} {[%emt 00:16:15]} O-O
{[%clk 01:12:39]} {[%emt 00:10:11]} 14. Bd3 {[%clk 01:03:02]} {[%emt 00:03:03]}
e5 {[%clk 01:09:21]} {[%emt 00:03:49]} 15. O-O-O {[%clk 00:58:17]} {[%emt
00:05:15]} Nd7 {[%clk 01:04:52]} {[%emt 00:04:59]} 16. Kb1 {[%clk 00:29:38]}
{[%emt 00:29:10]} Rd8 {[%clk 01:00:56]} {[%emt 00:04:25]} 17. Bc1 {[%clk
00:29:03]} {[%emt 00:01:06]} Bb7 {[%clk 00:56:23]} {[%emt 00:05:03]} 18. Ba3
{[%clk 00:27:55]} {[%emt 00:01:38]} h6 {[%clk 00:49:05]} {[%emt 00:07:47]} 19.
Be2 {[%clk 00:20:00]} {[%emt 00:08:25]} Nf8 {[%clk 00:47:13]} {[%emt 00:02:22]}
20. Bc4 {[%clk 00:17:18]} {[%emt 00:03:13]} Ne6 {[%clk 00:44:19]} {[%emt
00:03:23]} 21. Ne2 {[%clk 00:15:02]} {[%emt 00:02:46]} Kf8 {[%clk 00:43:17]}
{[%emt 00:01:32]} 22. Rd2 {[%clk 00:13:52]} {[%emt 00:01:41]} d5 {[%clk
00:42:13]} {[%emt 00:01:33]} 23. Bxe7+ {[%clk 00:12:40]} {[%emt 00:01:42]} Kxe7
{[%clk 00:39:12]} {[%emt 00:03:31]} 24. Bd3 {[%clk 00:13:05]} {[%emt 00:00:05]}
dxe4 {[%clk 00:36:53]} {[%emt 00:02:48]} 25. fxe4 {[%clk 00:13:27]} {[%emt
00:00:09]} Ng5 {[%clk 00:36:08]} {[%emt 00:01:15]} 26. Ng3 {[%clk 00:11:48]}
{[%emt 00:02:09]} Bc8 {[%clk 00:35:17]} {[%emt 00:01:21]} 27. Rf2 {[%clk
00:11:07]} {[%emt 00:01:11]} a5 {[%clk 00:34:42]} {[%emt 00:01:05]} 28. Nf5+
{[%clk 00:11:19]} {[%emt 00:00:18]} Bxf5 {[%clk 00:35:04]} {[%emt 00:00:08]} 29.
gxf5 {[%clk 00:10:24]} {[%emt 00:01:26]} f6 {[%clk 00:35:06]} {[%emt 00:00:28]}
30. Kb2 {[%clk 00:09:32]} {[%emt 00:01:22]} Rd4 {[%clk 00:31:57]} {[%emt
00:03:39]} 31. Re2 {[%clk 00:09:25]} {[%emt 00:00:37]} a4 {[%clk 00:29:22]}
{[%emt 00:03:04]} 32. Kc3 {[%clk 00:09:24]} {[%emt 00:00:31]} a3 {[%clk
00:28:51]} {[%emt 00:01:01]} 33. Rhe1 {[%clk 00:05:33]} {[%emt 00:04:21]} Nf7
{[%clk 00:24:47]} {[%emt 00:04:35]} 34. Kd2 {[%clk 00:04:39]} {[%emt 00:01:24]}
Nd8 {[%clk 00:19:28]} {[%emt 00:05:49]} 35. c3 {[%clk 00:03:37]} {[%emt
00:01:32]} Rd6 {[%clk 00:18:24]} {[%emt 00:01:35]} 36. Ke3 {[%clk 00:02:52]}
{[%emt 00:01:14]} Nb7 {[%clk 00:17:53]} {[%emt 00:01:01]} 37. b4 {[%clk
00:02:35]} {[%emt 00:00:47]} c5 {[%clk 00:12:47]} {[%emt 00:05:36]} 38. Rb1
{[%clk 00:02:33]} {[%emt 00:00:32]} Rbd8 {[%clk 00:11:13]} {[%emt 00:02:03]} 39.
Bc4 {[%clk 00:02:13]} {[%emt 00:00:51]} Rb6 {[%clk 00:09:54]} {[%emt 00:01:48]}
40. Bd5 {[%clk 00:00:37]} {[%emt 00:02:06]} Rb8 {[%clk 00:08:50]} {[%emt
00:01:35]} 41. b5 {[%clk 00:00:37]} {[%emt 00:00:30]} c4 {[%clk 00:08:20]}
{[%emt 00:00:59]} 42. Bxc4 {[%clk 00:00:38]} {[%emt 00:00:29]} Rc8 {[%clk
00:08:46]} {[%emt 00:00:05]} 43. Bd3 {[%clk 00:00:37]} {[%emt 00:00:31]} Rxc3
{[%clk 00:09:06]} {[%emt 00:00:10]} 44. Kd2 {[%clk 00:00:50]} {[%emt 00:00:17]}
Rc5 {[%clk 00:09:06]} {[%emt 00:00:30]} 45. Ree1 {[%clk 00:00:35]} {[%emt
00:00:46]} Kd6 {[%clk 00:08:22]} {[%emt 00:01:13]} 46. Rb3 {[%clk 00:00:34]}
{[%emt 00:00:31]} Na5 {[%clk 00:07:54]} {[%emt 00:00:57]} 47. Rxa3 {[%emt
00:00:27]} Nc4+ {[%clk 00:08:17]} {[%emt 00:00:05]} 48. Bxc4 {[%clk 00:01:05]}
{[%emt 00:00:05]} Rxc4 {[%clk 00:08:44]} {[%emt 00:00:03]} 49. Rd3+ {[%clk
00:01:12]} {[%emt 00:00:23]} Kc7 {[%clk 00:08:15]} {[%emt 00:00:59]} 50. Rd5
{[%clk 00:01:10]} {[%emt 00:00:33]} Rb4 {[%clk 00:07:56]} {[%emt 00:00:48]} 51.
Rc1+ {[%clk 00:00:32]} {[%emt 00:01:08]} Kb8 {[%clk 00:08:18]} {[%emt
00:00:08]} 52. Rd8+ {[%clk 00:00:35]} {[%emt 00:00:28]} Ka7 {[%clk 00:07:35]}
{[%emt 00:01:12]} 53. Rc7+ {[%clk 00:00:41]} {[%emt 00:00:23]} Rb7 {[%clk
00:08:02]} {[%emt 00:00:04]} 54. Rxb7+ {[%clk 00:00:50]} {[%emt 00:00:22]} Kxb7
{[%clk 00:08:27]} {[%emt 00:00:04]} 55. Kc3 {[%clk 00:00:37]} {[%emt 00:00:44]}
Rxe4 {[%clk 00:07:39]} {[%emt 00:01:18]} 56. Kb3 {[%clk 00:00:44]} {[%emt
00:00:23]} Kb6 {[%clk 00:07:26]} {[%emt 00:00:43]} 57. Rb8+ {[%clk 00:00:38]}
{[%emt 00:00:36]} Kc7 {[%clk 00:07:41]} {[%emt 00:00:15]} 58. Ra8 {[%clk
00:00:40]} {[%emt 00:00:27]} Kb7 {[%clk 00:07:13]} {[%emt 00:00:59]} 59. Ra6
{[%clk 00:00:58]} {[%emt 00:00:12]} Rf4 {[%clk 00:05:56]} {[%emt 00:01:46]} 60.
a4 {[%clk 00:01:09]} {[%emt 00:00:20]} Rxf5 {[%clk 00:05:59]} {[%emt 00:00:27]}
61. Re6 {[%clk 00:01:29]} {[%emt 00:00:10]} Rf4 {[%clk 00:06:00]} {[%emt
00:00:29]} 62. a5 {[%clk 00:01:33]} {[%emt 00:00:27]} Rd4 {[%clk 00:06:20]}
{[%emt 00:00:09]} 63. Re7+ {[%clk 00:01:42]} {[%emt 00:00:21]} Kc8 {[%clk
00:06:46]} {[%emt 00:00:05]} 64. a6 {[%clk 00:01:44]} {[%emt 00:00:27]} Kb8
{[%clk 00:07:00]} {[%emt 00:00:16]} 65. a7+ {[%clk 00:01:13]} {[%emt 00:01:02]}
Ka8 {[%clk 00:07:24]} {[%emt 00:00:05]} 66. b6 {[%clk 00:01:34]} {[%emt
00:00:09]} Rd8 {[%clk 00:06:48]} {[%emt 00:01:05]} 67. Kb4 {[%clk 00:01:55]}
{[%emt 00:00:10]} e4 {[%clk 00:05:57]} {[%emt 00:01:22]} 68. Kb5 {[%clk
00:02:16]} {[%emt 00:00:08]} e3 {[%clk 00:06:03]} {[%emt 00:00:23]} 69. Ka6
{[%clk 00:02:41]} {[%emt 00:00:06]}  1-0

[Event "2nd Easter 4NCL Congress"]
[Site "Daventry"]
[Date "2022.04.16"]
[Round "3"]
[Board "13"]
[White "Phan, Stefanus"]
[Black "Wilks, Simon"]
[Result "0-1"]
[WhiteElo "2038"]
[BlackElo "2161"]
[PlyCount "0"]
[EventDate "2022.04.15"]
[EventRounds "7"]
[EventCountry "ENG"]

1. c4 {[%emt 00:00:03]} Nf6 {[%clk 01:29:11]} {[%emt 00:01:47]} 2. g3 {[%clk
01:31:15]} {[%emt 00:00:13]} e6 {[%clk 01:29:19]} {[%emt 00:00:22]} 3. Bg2
{[%clk 01:31:33]} {[%emt 00:00:11]} d5 {[%clk 01:29:25]} {[%emt 00:00:24]} 4.
Nf3 {[%clk 01:31:54]} {[%emt 00:00:09]} Be7 {[%clk 01:29:25]} {[%emt 00:00:31]}
5. O-O {[%clk 01:32:08]} {[%emt 00:00:15]} O-O {[%clk 01:29:24]} {[%emt
00:00:31]} 6. b3 {[%clk 01:32:28]} {[%emt 00:00:11]} b6 {[%clk 01:28:29]}
{[%emt 00:01:25]} 7. Bb2 {[%clk 01:31:14]} {[%emt 00:01:44]} c5 {[%clk
01:27:38]} {[%emt 00:01:22]} 8. e3 {[%clk 01:31:34]} {[%emt 00:00:09]} Ba6
{[%clk 01:26:52]} {[%emt 00:01:17]} 9. d3 {[%clk 01:31:12]} {[%emt 00:00:51]}
Nc6 {[%clk 01:26:17]} {[%emt 00:01:03]} 10. Qe2 {[%clk 01:29:08]} {[%emt
00:02:35]} Qc7 {[%clk 01:18:10]} {[%emt 00:08:38]} 11. Nc3 {[%clk 01:28:09]}
{[%emt 00:01:30]} Rfd8 {[%clk 01:16:16]} {[%emt 00:02:24]} 12. Rfd1 {[%clk
01:25:45]} {[%emt 00:02:52]} Rac8 {[%clk 01:14:50]} {[%emt 00:01:57]} 13. cxd5
{[%clk 01:22:06]} {[%emt 00:04:34]} Nxd5 {[%clk 00:55:49]} {[%emt 00:19:32]} 14.
Nxd5 {[%clk 01:17:30]} {[%emt 00:05:05]} Rxd5 {[%clk 00:49:19]} {[%emt
00:07:00]} 15. Ne1 {[%clk 01:17:41]} {[%emt 00:00:18]} Rd7 {[%clk 00:46:49]}
{[%emt 00:03:01]} 16. Qg4 {[%clk 01:13:47]} {[%emt 00:04:25]} Bf8 {[%clk
00:45:49]} {[%emt 00:01:30]} 17. a3 {[%clk 00:47:33]} {[%emt 00:26:44]} Bb7
{[%clk 00:39:10]} {[%emt 00:07:09]} 18. Nf3 {[%clk 00:40:28]} {[%emt 00:07:34]}
h6 {[%clk 00:29:24]} {[%emt 00:10:16]} 19. h4 {[%clk 00:32:28]} {[%emt
00:08:29]} Qd8 {[%clk 00:23:31]} {[%emt 00:06:24]} 20. d4 {[%clk 00:24:20]}
{[%emt 00:08:36]} cxd4 {[%clk 00:17:55]} {[%emt 00:06:09]} 21. Nxd4 {[%clk
00:23:45]} {[%emt 00:01:03]} Ne5 {[%clk 00:11:04]} {[%emt 00:07:23]} 22. Qh5
{[%clk 00:21:22]} {[%emt 00:02:52]} Bxg2 {[%clk 00:10:33]} {[%emt 00:01:02]} 23.
Kxg2 {[%clk 00:21:23]} {[%emt 00:00:29]} Nc6 {[%clk 00:10:08]} {[%emt
00:00:55]} 24. Nb5 {[%clk 00:18:39]} {[%emt 00:03:14]} a6 {[%clk 00:07:42]}
{[%emt 00:02:57]} 25. Rxd7 {[%clk 00:18:28]} {[%emt 00:00:40]} Qxd7 {[%clk
00:08:05]} {[%emt 00:00:07]} 26. Rd1 {[%clk 00:18:24]} {[%emt 00:00:33]} Qb7
{[%clk 00:07:19]} {[%emt 00:01:16]} 27. Nc3 {[%clk 00:10:10]} {[%emt 00:08:44]}
Nd4+ {[%clk 00:06:28]} {[%emt 00:01:21]} 28. e4 {[%clk 00:09:51]} {[%emt
00:00:49]} Nxb3 {[%clk 00:06:15]} {[%emt 00:00:44]} 29. Qf3 {[%clk 00:08:28]}
{[%emt 00:01:53]} Na5 {[%clk 00:05:55]} {[%emt 00:00:50]} 30. a4 {[%clk
00:07:44]} {[%emt 00:01:14]} Nc4 {[%clk 00:05:24]} {[%emt 00:01:00]} 31. Ba1
{[%clk 00:07:26]} {[%emt 00:00:49]} Qc6 {[%clk 00:04:01]} {[%emt 00:01:53]} 32.
Kh2 {[%clk 00:07:25]} {[%emt 00:00:30]} b5 {[%clk 00:04:08]} {[%emt 00:00:25]}
33. axb5 {[%clk 00:07:40]} {[%emt 00:00:14]} axb5 {[%clk 00:04:32]} {[%emt
00:00:06]} 34. Qg4 {[%clk 00:07:44]} {[%emt 00:00:26]} b4 {[%clk 00:03:15]}
{[%emt 00:01:47]} 35. Ne2 {[%clk 00:07:17]} {[%emt 00:00:56]} e5 {[%clk
00:02:21]} {[%emt 00:01:25]} 36. Rd7 {[%clk 00:07:07]} {[%emt 00:00:40]} Ra8
{[%clk 00:02:09]} {[%emt 00:00:42]} 37. Rd1 {[%clk 00:03:57]} {[%emt 00:03:40]}
b3 {[%clk 00:02:09]} {[%emt 00:00:31]} 38. Bc3 {[%clk 00:04:11]} {[%emt
00:00:15]} Qb6 {[%clk 00:00:53]} {[%emt 00:01:47]} 39. Qf3 {[%clk 00:04:05]}
{[%emt 00:00:36]} Rd8 {[%clk 00:00:44]} {[%emt 00:00:38]} 40. Rb1 {[%clk
00:03:04]} {[%emt 00:01:30]} Na3 {[%clk 00:00:42]} {[%emt 00:00:33]} 41. Bd4
{[%clk 00:03:04]} {[%emt 00:00:31]} exd4 {[%clk 00:00:51]} {[%emt 00:00:21]} 42.
Rxb3 {[%clk 00:03:28]} {[%emt 00:00:06]} Qc5 {[%clk 00:00:41]} {[%emt
00:00:40]} 43. Nf4 {[%clk 00:03:33]} {[%emt 00:00:25]} Nc4 {[%clk 00:00:56]}
{[%emt 00:00:14]} 44. Rb7 {[%clk 00:03:53]} {[%emt 00:00:09]} Nd6 {[%clk
00:00:44]} {[%emt 00:00:43]} 45. Rb3 {[%clk 00:04:09]} {[%emt 00:00:14]} Qe5
{[%clk 00:01:01]} {[%emt 00:00:12]}  0-1

[Event "2nd Easter 4NCL Congress"]
[Site "Daventry"]
[Date "2022.04.16"]
[Round "3"]
[Board "14"]
[White "Murawski, Jan"]
[Black "Lentzos, Ioannis"]
[Result "1/2-1/2"]
[WhiteElo "1852"]
[BlackElo "2152"]
[PlyCount "0"]
[EventDate "2022.04.15"]
[EventRounds "7"]
[EventCountry "ENG"]

1. d4 {[%clk 01:30:58]} {[%emt 00:00:02]} d5 {[%clk 01:30:57]} {[%emt
00:00:04]} 2. Nf3 {[%clk 01:31:19]} {[%emt 00:00:08]} Nf6 {[%clk 01:31:21]}
{[%emt 00:00:06]} 3. Bf4 {[%clk 01:30:54]} {[%emt 00:00:55]} c5 {[%clk
01:31:43]} {[%emt 00:00:09]} 4. e3 {[%clk 01:31:11]} {[%emt 00:00:13]} Nc6
{[%clk 01:31:59]} {[%emt 00:00:14]} 5. c4 {[%clk 01:29:18]} {[%emt 00:02:22]}
cxd4 {[%clk 01:15:27]} {[%emt 00:17:02]} 6. Nxd4 {[%clk 01:20:44]} {[%emt
00:09:04]} Qb6 {[%clk 01:12:09]} {[%emt 00:03:48]} 7. Nxc6 {[%clk 01:08:22]}
{[%emt 00:12:53]} bxc6 {[%clk 01:09:21]} {[%emt 00:03:18]} 8. Qb3 {[%clk
01:02:39]} {[%emt 00:06:12]} e6 {[%clk 01:04:41]} {[%emt 00:05:12]} 9. Nc3
{[%clk 00:56:56]} {[%emt 00:06:11]} Be7 {[%clk 00:59:24]} {[%emt 00:05:48]} 10.
Bd3 {[%clk 00:47:43]} {[%emt 00:09:42]} Nd7 {[%clk 00:56:53]} {[%emt 00:03:02]}
11. Be2 {[%clk 00:39:24]} {[%emt 00:08:48]} O-O {[%clk 00:49:16]} {[%emt
00:08:08]} 12. cxd5 {[%clk 00:37:34]} {[%emt 00:02:19]} cxd5 {[%clk 00:44:39]}
{[%emt 00:05:08]} 13. O-O {[%clk 00:33:38]} {[%emt 00:04:25]} Bf6 {[%clk
00:37:32]} {[%emt 00:07:38]} 14. Bf3 {[%clk 00:29:48]} {[%emt 00:04:20]} Ba6
{[%clk 00:34:56]} {[%emt 00:03:06]} 15. Rfd1 {[%clk 00:24:33]} {[%emt
00:05:45]} Rac8 {[%clk 00:28:49]} {[%emt 00:06:37]} 16. Rac1 {[%clk 00:16:10]}
{[%emt 00:08:52]} Qa5 {[%clk 00:21:22]} {[%emt 00:07:58]} 17. Bd6 {[%clk
00:11:17]} {[%emt 00:05:24]} Nc5 {[%clk 00:15:16]} {[%emt 00:06:36]} 18. Bxc5
{[%clk 00:07:51]} {[%emt 00:03:55]} Rxc5 {[%clk 00:15:38]} {[%emt 00:00:08]} 19.
a3 {[%clk 00:05:42]} {[%emt 00:02:39]} Rfc8 {[%clk 00:11:09]} {[%emt 00:04:59]}
20. Be2 {[%clk 00:01:42]} {[%emt 00:04:30]} Rxc3 {[%clk 00:08:09]} {[%emt
00:03:31]} 21. Rxc3 {[%clk 00:01:17]} {[%emt 00:00:55]} Rxc3 {[%clk 00:04:13]}
{[%emt 00:04:26]} 22. bxc3 {[%clk 00:01:28]} {[%emt 00:00:19]} Bxe2 {[%clk
00:04:32]} {[%emt 00:00:11]} 23. Qb8+ {[%clk 00:01:22]} {[%emt 00:00:35]} Qd8
{[%clk 00:04:55]} {[%emt 00:00:07]} 24. Rb1 {[%clk 00:01:38]} {[%emt 00:00:14]}
Kf8 {[%clk 00:04:17]} {[%emt 00:01:08]} 25. Qxa7 {[%emt 00:00:30]} Qd6 {[%clk
00:04:38]} 26. Rb8+ {[%clk 00:01:03]} {[%emt 00:01:14]} Bd8 {[%clk 00:05:00]}
{[%emt 00:00:07]} 27. a4 {[%clk 00:01:09]} {[%emt 00:00:25]} Ke8 {[%clk
00:05:15]} {[%emt 00:00:16]} 28. Qa8 {[%clk 00:00:59]} {[%emt 00:00:39]} Ke7
{[%clk 00:05:17]} {[%emt 00:00:28]} 29. Rb7+ {[%clk 00:00:53]} {[%emt
00:00:36]} Kf6 {[%clk 00:05:33]} {[%emt 00:00:15]} 30. Qa7 {[%clk 00:00:53]}
{[%emt 00:00:29]} Be7 {[%clk 00:05:52]} {[%emt 00:00:12]} 31. Qd4+ {[%clk
00:01:03]} {[%emt 00:00:19]} e5 {[%clk 00:04:42]} {[%emt 00:01:40]} 32. Qb6
{[%clk 00:00:34]} {[%emt 00:00:59]} Ke6 {[%clk 00:04:50]} {[%emt 00:00:22]} 33.
Qa7 {[%clk 00:00:46]} {[%emt 00:00:19]} Qa3 {[%clk 00:04:47]} {[%emt 00:00:32]}
34. h3 {[%clk 00:00:59]} {[%emt 00:00:17]} e4 {[%clk 00:05:02]} {[%emt
00:00:15]} 35. Rb6+ {[%clk 00:00:45]} {[%emt 00:00:44]} Bd6 {[%clk 00:05:24]}
{[%emt 00:00:09]} 36. Rb1 {[%clk 00:00:35]} {[%emt 00:00:40]} Qxc3 {[%clk
00:05:30]} {[%emt 00:00:24]} 37. Qa8 {[%clk 00:00:35]} {[%emt 00:00:29]} Qc2
{[%clk 00:03:20]} {[%emt 00:02:40]} 38. Qe8+ {[%clk 00:00:57]} {[%emt
00:00:08]} Kf6 {[%clk 00:03:10]} {[%emt 00:00:40]} 39. Qd8+ {[%clk 00:01:19]}
{[%emt 00:00:08]} Ke6 {[%clk 00:03:12]} {[%emt 00:00:28]} 40. Qe8+ {[%clk
00:01:40]} {[%emt 00:00:09]} Kf6 {[%clk 00:01:15]} {[%emt 00:02:27]}  1/2-1/2

[Event "2nd Easter 4NCL Congress"]
[Site "Daventry"]
[Date "2022.04.16"]
[Round "3"]
[Board "15"]
[White "Horspool, Philip J"]
[Black "Liu, Jack"]
[Result "1-0"]
[WhiteElo "2079"]
[BlackElo "1913"]
[PlyCount "0"]
[EventDate "2022.04.15"]
[EventRounds "7"]
[EventCountry "ENG"]

1. e4 {[%clk 01:30:30]} {[%emt 00:03:05]} c5 {[%clk 01:29:03]} {[%emt
00:01:58]} 2. Nc3 {[%clk 01:30:58]} {[%emt 00:00:33]} Nc6 {[%clk 01:29:26]}
{[%emt 00:00:07]} 3. Bb5 {[%clk 01:31:23]} {[%emt 00:00:05]} Nd4 {[%clk
01:29:29]} {[%emt 00:00:26]} 4. Bc4 {[%clk 01:31:49]} {[%emt 00:00:05]} Nf6
{[%clk 01:29:21]} {[%emt 00:00:37]} 5. Nge2 {[%clk 01:25:17]} {[%emt 00:07:03]}
e6 {[%clk 01:27:09]} {[%emt 00:02:42]} 6. O-O {[%clk 01:24:13]} {[%emt
00:01:34]} d5 {[%clk 01:27:02]} {[%emt 00:00:37]} 7. exd5 {[%clk 01:24:07]}
{[%emt 00:00:36]} exd5 {[%clk 01:27:26]} {[%emt 00:00:05]} 8. Nxd5 {[%clk
01:24:06]} {[%emt 00:00:31]} Nxd5 {[%clk 01:26:45]} {[%emt 00:01:11]} 9. Nxd4
{[%clk 01:24:19]} {[%emt 00:00:18]} cxd4 {[%clk 01:23:54]} {[%emt 00:03:21]} 10.
Qh5 {[%clk 01:24:26]} {[%emt 00:00:22]} Be6 {[%clk 01:22:39]} {[%emt 00:01:46]}
11. Re1 {[%clk 01:24:09]} {[%emt 00:00:46]} Be7 {[%clk 01:22:52]} {[%emt
00:00:17]} 12. Rxe6 {[%clk 01:22:24]} {[%emt 00:02:15]} Nf4 {[%clk 01:22:55]}
{[%emt 00:00:28]} 13. Qb5+ {[%clk 01:21:25]} {[%emt 00:01:28]} Kf8 {[%clk
01:15:35]} {[%emt 00:07:50]} 14. Re4 {[%clk 01:12:36]} {[%emt 00:09:19]} Bd6
{[%clk 00:06:59]} {[%emt 01:09:06]} 15. Qxb7 {[%clk 01:02:08]} {[%emt
00:10:57]} Ne6 {[%clk 00:04:55]} {[%emt 00:02:35]} 16. d3 {[%clk 00:58:44]}
{[%emt 00:03:54]} Rb8 {[%clk 00:04:55]} {[%emt 00:00:30]} 17. Qd5 {[%clk
00:53:41]} {[%emt 00:05:31]} Qc7 {[%clk 00:04:53]} {[%emt 00:00:35]} 18. g3
{[%clk 00:49:19]} {[%emt 00:04:51]} h5 {[%clk 00:04:42]} {[%emt 00:00:41]} 19.
Qf5 {[%clk 00:48:18]} {[%emt 00:01:31]} Nc5 {[%clk 00:04:23]} {[%emt 00:00:50]}
20. Rxd4 {[%clk 00:41:05]} {[%emt 00:07:42]} h4 {[%clk 00:03:03]} {[%emt
00:01:50]} 21. Rxd6 {[%clk 00:39:54]} {[%emt 00:01:41]} hxg3 {[%clk 00:03:16]}
{[%emt 00:00:16]} 22. hxg3 {[%clk 00:38:11]} {[%emt 00:02:13]} Re8 {[%clk
00:02:06]} {[%emt 00:01:40]} 23. Bf4 {[%clk 00:34:15]} {[%emt 00:04:26]} Qb7
{[%clk 00:00:53]} {[%emt 00:01:44]} 24. Qd5 {[%clk 00:33:23]} {[%emt 00:01:22]}
Qe7 {[%clk 00:00:36]} {[%emt 00:00:47]} 25. Qxc5 {[%clk 00:30:12]} {[%emt
00:03:42]} Kg8 {[%clk 00:00:55]} {[%emt 00:00:11]} 26. Qf5 {[%clk 00:28:29]}
{[%emt 00:02:12]} Rf8 {[%clk 00:00:44]} {[%emt 00:00:41]} 27. Rd7 {[%clk
00:27:29]} {[%emt 00:01:30]} Qe8 {[%clk 00:01:09]} {[%emt 00:00:06]} 28. Bd6
{[%clk 00:24:48]} {[%emt 00:03:10]} Qa8 {[%clk 00:01:27]} {[%emt 00:00:12]} 29.
Bxf7+ {[%clk 00:24:11]} {[%emt 00:01:07]}  1-0

[Event "2nd Easter 4NCL Congress"]
[Site "Daventry"]
[Date "2022.04.16"]
[Round "3"]
[Board "16"]
[White "Skettos, Nicolas"]
[Black "Gibson, Christopher A"]
[Result "1/2-1/2"]
[WhiteElo "2067"]
[BlackElo "1899"]
[PlyCount "0"]
[EventDate "2022.04.15"]
[EventRounds "7"]
[EventCountry "ENG"]

1. d4 {[%clk 01:29:36]} {[%emt 00:01:24]} Nf6 {[%clk 01:30:53]} {[%emt
00:00:07]} 2. c4 {[%clk 01:30:01]} {[%emt 00:00:05]} c5 {[%clk 01:31:17]}
{[%emt 00:00:06]} 3. d5 {[%clk 01:30:25]} {[%emt 00:00:06]} b5 {[%clk
01:31:41]} {[%emt 00:00:06]} 4. cxb5 {[%clk 01:30:50]} {[%emt 00:00:05]} a6
{[%clk 01:32:03]} {[%emt 00:00:09]} 5. bxa6 {[%clk 01:31:12]} {[%emt 00:00:07]}
Bxa6 {[%clk 01:32:25]} {[%emt 00:00:09]} 6. Nc3 {[%clk 01:31:15]} {[%emt
00:00:27]} g6 {[%clk 01:32:42]} {[%emt 00:00:13]} 7. Nf3 {[%clk 01:31:39]}
{[%emt 00:00:06]} Bg7 {[%clk 01:33:01]} {[%emt 00:00:11]} 8. e4 {[%clk
01:31:52]} {[%emt 00:00:17]} Bxf1 {[%clk 01:33:22]} {[%emt 00:00:09]} 9. Kxf1
{[%clk 01:32:20]} {[%emt 00:00:02]} d6 {[%clk 01:33:41]} {[%emt 00:00:10]} 10.
g3 {[%clk 01:31:56]} {[%emt 00:00:55]} O-O {[%clk 01:33:48]} {[%emt 00:00:23]}
11. Kg2 {[%clk 01:32:22]} {[%emt 00:00:03]} Qb6 {[%clk 01:32:42]} {[%emt
00:01:36]} 12. Qe2 {[%clk 01:30:03]} {[%emt 00:02:50]} Qa6 {[%clk 01:29:05]}
{[%emt 00:04:07]} 13. Qxa6 {[%clk 01:26:47]} {[%emt 00:03:46]} Nxa6 {[%clk
01:29:05]} {[%emt 00:00:30]} 14. Re1 {[%clk 01:24:08]} {[%emt 00:03:09]} Rfb8
{[%clk 01:21:53]} {[%emt 00:07:42]} 15. e5 {[%clk 01:10:09]} {[%emt 00:14:29]}
Ng4 {[%clk 01:18:50]} {[%emt 00:03:32]} 16. exd6 {[%clk 01:09:43]} {[%emt
00:00:57]} exd6 {[%clk 01:19:02]} {[%emt 00:00:17]} 17. Ne4 {[%clk 00:42:13]}
{[%emt 00:28:01]} Nb4 {[%clk 01:11:33]} {[%emt 00:07:59]} 18. Re2 {[%clk
00:41:22]} {[%emt 00:01:21]} Re8 {[%clk 00:53:45]} {[%emt 00:18:18]} 19. h3
{[%clk 00:39:33]} {[%emt 00:02:20]} Nf6 {[%clk 00:51:04]} {[%emt 00:03:11]} 20.
Nxf6+ {[%clk 00:38:56]} {[%emt 00:01:07]} Bxf6 {[%clk 00:51:26]} {[%emt
00:00:07]} 21. Rxe8+ {[%clk 00:35:22]} {[%emt 00:04:05]} Rxe8 {[%clk 00:51:48]}
{[%emt 00:00:08]} 22. a4 {[%clk 00:28:56]} {[%emt 00:06:57]} Nxd5 {[%clk
00:50:33]} {[%emt 00:01:43]} 23. a5 {[%clk 00:28:43]} {[%emt 00:00:44]} Ra8
{[%clk 00:47:10]} {[%emt 00:03:53]} 24. Nd2 {[%clk 00:26:49]} {[%emt 00:02:24]}
Kg7 {[%clk 00:44:09]} {[%emt 00:03:31]} 25. Ne4 {[%clk 00:23:37]} {[%emt
00:03:41]} Bd8 {[%clk 00:42:16]} {[%emt 00:02:22]} 26. Bd2 {[%clk 00:17:11]}
{[%emt 00:06:57]} Ra6 {[%clk 00:41:08]} {[%emt 00:01:39]} 27. Kf1 {[%clk
00:16:09]} {[%emt 00:01:32]} h6 {[%clk 00:33:54]} {[%emt 00:07:43]} 28. g4
{[%clk 00:15:49]} {[%emt 00:00:51]} f5 {[%clk 00:26:36]} {[%emt 00:07:47]} 29.
gxf5 {[%clk 00:16:15]} {[%emt 00:00:04]} gxf5 {[%clk 00:27:02]} {[%emt
00:00:04]} 30. Ng3 {[%clk 00:15:52]} {[%emt 00:00:53]} Kg6 {[%clk 00:27:16]}
{[%emt 00:00:16]} 31. Re1 {[%clk 00:13:37]} {[%emt 00:02:46]} Bg5 {[%clk
00:23:09]} {[%emt 00:04:36]} 32. Bxg5 {[%clk 00:12:04]} {[%emt 00:02:04]} hxg5
{[%clk 00:23:34]} {[%emt 00:00:04]} 33. Re6+ {[%clk 00:09:44]} {[%emt
00:02:51]} Kf7 {[%clk 00:22:23]} {[%emt 00:01:42]} 34. Rh6 {[%clk 00:09:59]}
{[%emt 00:00:15]} Ne7 {[%clk 00:17:58]} {[%emt 00:04:54]} 35. Rh7+ {[%clk
00:08:39]} {[%emt 00:01:49]} Ke6 {[%clk 00:17:42]} {[%emt 00:00:46]} 36. Rh6+
{[%clk 00:07:05]} {[%emt 00:02:05]} Kf7 {[%clk 00:12:50]} {[%emt 00:05:22]} 37.
Rh7+ {[%clk 00:07:18]} {[%emt 00:00:17]} Ke6 {[%clk 00:12:53]} {[%emt
00:00:26]}  1/2-1/2